000 00521nam a2200193Ia 4500
008 151121s9999||||xx |||||||||||||| ||und||
082 _a341।52/Whi
082 _bHNW-50202
100 _aWhite & Walton
245 _aRussell On The Law Of Arbitration
260 _b"Stevens & Sons Ltd।, London।"
260 _c--
300 _a438
600 _aWhite & Walton
630 _aRussell On The Law Of Arbitration
700 _aWhite & Walton
730 _aRussell On The Law Of Arbitration
942 _cBOOK
999 _c1235004
_d1235001